=LDR 00000nam 2200000 4500 =001 INLIS000000000059639 =005 20211123113945 =035 ##$$a 0010-1121000376 =007 ta =008 211123###########################0#ind## =020 ##$$a 978-979-1317-54-2 =082 ##$$a 306.361 =084 ##$$a 306.361 Suw b =245 ##$$a Budaya Organisasi : $b Kajian Konsep dan Implementasi /$c Suwartono,,Koeshartono =250 ##$$a Cetakan 5 =300 ##$$a 175halaman : $b Ilustrasi ; $c 23 Cm. =600 #4$$a Budaya Kerja =264 ##$$a Yogyakarta :$b Universitas Atmajaya,$c 2009 =336 ##$$a teks$2 rdacontent =337 ##$$a lain-lain$2 rdamedia =338 ##$$a lain-lain$2 rdacarrier =990 ##$$a 3202103146